000 00376nam a2200157Ia 4500
999 _c892
_d892
003 MAJU-Karachi
005 20200824101901.0
008 190722s9999 xx 000 0 und d
020 _a978-93-392-0482-2
040 _cMAJU
100 _aBruner, Robert F.
245 0 _aCase Studies in Finance
260 _aNew Delhi
_bMcGraw Hill
_c2007
300 _a612
942 _cBK
_2ddc